[Event "FIDE World Bl Team Pool A"]
[Site "London ENG"]
[Date "2025.06.14"]
[Round "13.4"]
[White "Loftgaard, Mikkel Vinh"]
[Black "Sava, Christiansen-Danut-Eugen"]
[Result "1-0"]
[WhiteTitle "FM"]
[BlackTitle "FM"]
[WhiteElo "2243"]
[BlackElo "2002"]
[WhiteTeam "¡Ållez-Y Initiative!"]
[BlackTeam "xChess.AI"]
[WhiteFideId "1468480"]
[BlackFideId "1210114"]
[EventDate "2025.06.14"]
[EventType "team"]

1. e4 e5 2. Nf3 Nf6 3. Nxe5 Nxe4 4. d4 d6 5. Nf3 d5 6. c4 Bb4+ 7. Bd2 Nxd2 8.
Nbxd2 O-O 9. Be2 dxc4 10. O-O c3 11. bxc3 Bxc3 12. Rc1 Bb4 13. Bd3 Nc6 14. Ne4
Bg4 15. h3 Bh5 16. Rc4 Bd6 17. Ng3 Bg6 18. d5 Ne5 19. Nxe5 Bxe5 20. f4 Bxd3 21.
Qxd3 Bf6 22. Ne4 Re8 23. Rfc1 Rc8 24. d6 Rxe4 25. Qxe4 Qxd6 26. Rxc7 Rf8 27.
Rxb7 Bd4+ 28. Kh1 Bb6 29. Qc4 g6 30. Re1 Qd2 31. Rbe7 Qf2 32. Re8 Rxe8 33. Rxe8+
Kg7 34. Qc3+ Kh6 35. Qc1 f5 36. Re1 Qxa2 37. Qa1 Qf2 38. Rf1 Qe3 39. Qf6 Qg3 40.
Qf8+ Kh5 41. Qg7 h6 42. Qb2 Qe3 43. Qc2 Bd4 44. Qd1+ Kh4 45. Rf3 Qe4 46. Qf1 Kh5
47. Ra3 Bc5 48. Rf3 Bd4 49. Qd1 Kh4 50. Rd3 Bb6 51. Qf1 Kh5 52. Kh2 Be3 53. Qe2+
Kh4 54. Qxe3 Qxe3 55. Rxe3 1-0

[Event "FIDE World Bl Team Pool A"]
[Site "London ENG"]
[Date "2025.06.14"]
[Round "13.5"]
[White "Badescu, Eliza-Ioana"]
[Black "Jalving, August"]
[Result "0-1"]
[BlackTitle "CM"]
[WhiteElo "1832"]
[BlackElo "2306"]
[WhiteTeam "xChess.AI"]
[BlackTeam "¡Ållez-Y Initiative!"]
[WhiteFideId "42214890"]
[BlackFideId "1471759"]
[EventDate "2025.06.14"]
[EventType "team"]

1. e4 c5 2. c3 Nf6 3. e5 Nd5 4. d4 cxd4 5. Nf3 Nc6 6. cxd4 d6 7. Bc4 Nb6 8. Bb3
dxe5 9. d5 Na5 10. Nc3 Nxb3 11. axb3 g6 12. Nxe5 Bg7 13. Bf4 O-O 14. O-O Nd7 15.
Nf3 Nf6 16. Qd2 Bf5 17. Rfd1 Bg4 18. Qe3 Bxf3 19. Qxf3 Qb6 20. Ra3 Rfd8 21. Be3
Qb4 22. Bd4 a6 23. Be3 Rac8 24. Rd4 Qd6 25. Ne4 Nxe4 26. Bf4 Qc5 0-1

[Event "FIDE World Bl Team Pool A"]
[Site "London ENG"]
[Date "2025.06.14"]
[Round "13.6"]
[White "McCallum, Elliot"]
[Black "Platschek, Luca"]
[Result "1-0"]
[WhiteElo "1924"]
[BlackElo "1626"]
[WhiteTeam "¡Ållez-Y Initiative!"]
[BlackTeam "xChess.AI"]
[WhiteFideId "2645718"]
[BlackFideId "1289888"]
[EventDate "2025.06.14"]
[EventType "team"]

1. e4 a6 2. d4 b5 3. Nf3 Bb7 4. Bd3 e6 5. O-O Nf6 6. Re1 Be7 7. Nbd2 O-O 8. Nf1
d6 9. c3 Nbd7 10. Qc2 h6 11. a4 bxa4 12. Rxa4 c5 13. e5 dxe5 14. Nxe5 Nxe5 15.
dxe5 Nd5 16. Rg4 Bg5 17. Bxg5 hxg5 18. Be4 Qe7 19. Ne3 Nxe3 20. Rxe3 Bxe4 21.
Qxe4 Rad8 22. h4 gxh4 23. Rxh4 Qg5 24. Qh7# 1-0

[Event "FIDE World Bl Team Pool A"]
[Site "London ENG"]
[Date "2025.06.14"]
[Round "13.1"]
[White "Eilenberg, Jonas"]
[Black "Eren, Ataberk"]
[Result "1-0"]
[WhiteTitle "FM"]
[BlackTitle "IM"]
[WhiteElo "2316"]
[BlackElo "2423"]
[WhiteTeam "Berlin Lasker Legends"]
[BlackTeam "Satranc Istanbul"]
[WhiteFideId "16204271"]
[BlackFideId "6349765"]
[EventDate "2025.06.14"]
[EventType "team"]

1. d4 Nf6 2. c4 e6 3. Nc3 d5 4. cxd5 exd5 5. Bg5 Be7 6. e3 c6 7. Bd3 Nbd7 8.
Nge2 Nf8 9. O-O Ne6 10. Bh4 O-O 11. f3 b5 12. Bf2 Re8 13. Kh1 g6 14. Rc1 Ng7 15.
e4 b4 16. Na4 dxe4 17. fxe4 Qa5 18. Bg1 Ba6 19. b3 Bb5 20. d5 Bxd3 21. Qxd3 cxd5
22. e5 Ne4 23. Nd4 Qd8 24. Rfd1 Bg5 25. Rc2 Bf4 26. Nf3 Nf5 27. Qxd5 Qxd5 28.
Rxd5 Rad8 29. Rxd8 Rxd8 30. g3 Be3 31. g4 Bxg1 32. gxf5 Bb6 33. fxg6 hxg6 34.
Nxb6 axb6 35. Rc4 Rd1+ 36. Kg2 Nc3 37. Rxb4 b5 38. Kg3 Ra1 39. Nd4 Nxa2 40. Rxb5
Nc3 41. Rb7 Rd1 42. Nf3 Rd3 43. Kf4 Ne2+ 44. Ke4 Rd8 45. Ng5 Nc3+ 46. Kf3 Rd3+
47. Kg2 Rd2+ 48. Kf1 Rxh2 49. Nxf7 Ne4 50. e6 Nc5 51. Rb8+ Kg7 52. e7 1-0

[Event "FIDE World Bl Team Pool A"]
[Site "London ENG"]
[Date "2025.06.14"]
[Round "13.2"]
[White "Makaraci, Tunahan"]
[Black "Yatskar, Martin"]
[Result "1-0"]
[WhiteTitle "FM"]
[BlackTitle "CM"]
[WhiteElo "2233"]
[BlackElo "2225"]
[WhiteTeam "Satranc Istanbul"]
[BlackTeam "Berlin Lasker Legends"]
[WhiteFideId "6356559"]
[BlackFideId "34109676"]
[EventDate "2025.06.14"]
[EventType "team"]

1. e4 e5 2. Nc3 Nf6 3. f4 d5 4. fxe5 Nxe4 5. Qf3 f5 6. d3 Nxc3 7. bxc3 d4 8. Qg3
Be6 9. Be2 Nc6 10. Bf3 Qd7 11. Ne2 dxc3 12. Bxc6 Qxc6 13. O-O O-O-O 14. Be3 b6
15. Nd4 Qd7 16. Qf3 Bd5 17. e6 Qd6 18. Qxf5 Be7 19. Nb5 Qxe6 20. Qf4 Bd6 21.
Nxd6+ Qxd6 22. Qg4+ Kb8 23. Rae1 h5 24. Qg5 h4 25. Bf4 Qc6 26. Re7 Rd7 27. Qxg7
Rg8 28. Rxd7 Rxg7 29. Rxg7 Qc5+ 30. Rf2 Qb4 31. Bxc7+ Kc8 32. Be5 h3 33. Bf6
Qb1+ 34. Rf1 Qxc2 35. Be5 Bf7 36. Rfxf7 Qb1+ 37. Rf1 c2 38. Bf4 Kd8 39. Rc7 hxg2
40. Kxg2 Qxa2 41. Rc1 Qd5+ 42. Kf2 Qd4+ 43. Kg3 Qxd3+ 44. Kg4 Qd1+ 45. Kg5 Qd5+
46. Kf6 Qd4+ 47. Be5 Qf2+ 48. Ke6 Qh4 49. Rd7+ Kc8 50. Rxc2+ 1-0

[Event "FIDE World Bl Team Pool A"]
[Site "London ENG"]
[Date "2025.06.14"]
[Round "13.3"]
[White "Kunz, Andre"]
[Black "Tahaoglu, Ugur Barkin"]
[Result "0-1"]
[WhiteTitle "CM"]
[WhiteElo "2128"]
[BlackElo "2015"]
[WhiteTeam "Berlin Lasker Legends"]
[BlackTeam "Satranc Istanbul"]
[WhiteFideId "24623652"]
[BlackFideId "6303331"]
[EventDate "2025.06.14"]
[EventType "team"]

1. e4 e5 2. Nf3 Nc6 3. Bc4 Nf6 4. d3 h6 5. O-O d6 6. c3 g6 7. Re1 Bg7 8. Nbd2
O-O 9. Nf1 Na5 10. Bb5 a6 11. Ba4 b5 12. Bc2 c5 13. d4 cxd4 14. cxd4 exd4 15.
Nxd4 Bb7 16. Bf4 Nc4 17. b3 Ne5 18. Rc1 Rc8 19. h3 Re8 20. Qd2 Kh7 21. Ng3 Qb6
22. Be3 Qd8 23. f4 Nc6 24. Nf3 a5 25. Rcd1 Nb4 26. Bb1 Nxe4 27. Nxe4 Bxe4 28.
Bxe4 Rxe4 29. Qxd6 Qxd6 30. Rxd6 Nc2 31. Bf2 Nxe1 32. Nxe1 Rc1 33. Kf1 Rxf4 34.
Ke2 Ra1 35. Nd3 Rxa2+ 36. Ke1 Bc3+ 37. Kf1 Rf6 38. Rd7 a4 39. bxa4 bxa4 40. Kg1
Rd2 41. Kh2 Rfxf2 0-1

[Event "FIDE World Bl Team Pool A"]
[Site "London ENG"]
[Date "2025.06.14"]
[Round "13.4"]
[White "Kalender, Murat Emre"]
[Black "Stein, Theodor"]
[Result "1-0"]
[WhiteElo "1782"]
[BlackElo "1877"]
[WhiteTeam "Satranc Istanbul"]
[BlackTeam "Berlin Lasker Legends"]
[WhiteFideId "34531815"]
[BlackFideId "34602801"]
[EventDate "2025.06.14"]
[EventType "team"]

1. e4 d6 2. d4 Nf6 3. Nc3 g6 4. Bf4 a6 5. Qd2 b5 6. f3 Nbd7 7. h4 h5 8. Bd3 Nb6
9. O-O-O Bb7 10. Nh3 c6 11. e5 dxe5 12. dxe5 Nfd5 13. e6 f5 14. g4 hxg4 15. fxg4
Nxf4 16. Qxf4 Bh6 17. g5 Bg7 18. Bxf5 O-O 19. Rxd8 Raxd8 20. Qg3 Rxf5 21. Nf4
Nc4 22. Nxg6 b4 23. Nxe7+ Kh8 24. Nxf5 Be5 25. Qg4 bxc3 26. Qh5+ Kg8 27. Nh6+
Kh7 28. g6+ Kg7 29. Nf5+ Kf6 30. Qg5+ Kxe6 31. bxc3 Bxc3 32. Ng7+ Kd7 33. Qg4+
Kc7 34. Qxc4 Bd2+ 35. Kb1 Rb8 36. Qf7+ Kb6 37. Qb3+ Ka7 38. Rd1 Bf4 39. Qd3 Bc8+
40. Ka1 Be5+ 41. c3 Bg4 42. Qe3+ Bd4 43. Qxd4+ Ka8 44. Qxg4 c5 45. Rd7 c4 46.
Qe4+ Rb7 47. Qxb7# 1-0

[Event "FIDE World Bl Team Pool A"]
[Site "London ENG"]
[Date "2025.06.14"]
[Round "13.5"]
[White "Ho, Ngoc Hai-Dang"]
[Black "Saygili, Adnan Mesih"]
[Result "1-0"]
[WhiteElo "1932"]
[BlackElo "1692"]
[WhiteTeam "Berlin Lasker Legends"]
[BlackTeam "Satranc Istanbul"]
[WhiteFideId "16206509"]
[BlackFideId "44553129"]
[EventDate "2025.06.14"]
[EventType "team"]

1. e4 c5 2. Nf3 e6 3. d4 cxd4 4. Nxd4 a6 5. c4 Qc7 6. Be3 Nf6 7. Bd3 Nc6 8. Nxc6
bxc6 9. O-O Be7 10. Nc3 O-O 11. f4 d6 12. Rc1 Rb8 13. b3 c5 14. Bb1 Bb7 15. Qe2
Rbd8 16. Rcd1 g6 17. f5 d5 18. cxd5 exd5 19. exd5 Nxd5 20. Nxd5 Bxd5 21. f6 Bd6
22. h3 Rfe8 23. Qd2 Qc6 24. Kh1 Be5 25. Qf2 Be4 26. Bxe4 Qxe4 27. Bxc5 Rxd1 28.
Rxd1 Qf5 29. Qxf5 gxf5 30. Be7 Rc8 31. Rd8+ Rxd8 32. Bxd8 h5 33. a4 Kh7 34. b4
Bd4 35. b5 axb5 36. axb5 Be5 37. b6 Kg6 38. Bc7 1-0

[Event "FIDE World Bl Team Pool A"]
[Site "London ENG"]
[Date "2025.06.14"]
[Round "13.6"]
[White "Demir, Aleyna"]
[Black "Schuster, Rebekka"]
[Result "1-0"]
[WhiteElo "1651"]
[BlackElo "1806"]
[WhiteTeam "Satranc Istanbul"]
[BlackTeam "Berlin Lasker Legends"]
[WhiteFideId "6378323"]
[BlackFideId "24674095"]
[EventDate "2025.06.14"]
[EventType "team"]

1. e4 e6 2. d4 d5 3. exd5 exd5 4. c4 Nf6 5. Nc3 dxc4 6. Bxc4 Bd6 7. Nf3 O-O 8.
O-O Bg4 9. Qd3 h6 10. Qg6 Qd7 11. Bxh6 Nh5 12. Ng5 Bxh2+ 13. Kh1 1-0

[Event "FIDE World Bl Team Pool A"]
[Site "London ENG"]
[Date "2025.06.14"]
[Round "13.1"]
[White "Dudin, Gleb"]
[Black "Khoury, Theo"]
[Result "1-0"]
[WhiteTitle "GM"]
[BlackTitle "CM"]
[WhiteElo "2574"]
[BlackElo "2209"]
[WhiteTeam "Global Ramblers"]
[BlackTeam "Chess Trust Accelerators"]
[WhiteFideId "34184934"]
[BlackFideId "480703"]
[EventDate "2025.06.14"]
[EventType "team"]

1. d4 d5 2. c4 e6 3. Nf3 Nf6 4. Nc3 Be7 5. g3 O-O 6. Bg2 b6 7. O-O Bb7 8. Ne5
Nbd7 9. Qa4 c5 10. Nxd7 Nxd7 11. cxd5 cxd4 12. Qxd4 Bf6 13. Qd1 Nc5 14. e4 Rc8
15. Re1 exd5 16. Nxd5 Bxd5 17. exd5 Qd7 18. Rb1 Qf5 19. Bf4 Rfd8 20. b4 Nb7 21.
Qa4 Nd6 22. Bxd6 1-0

[Event "FIDE World Bl Team Pool A"]
[Site "London ENG"]
[Date "2025.06.14"]
[Round "13.2"]
[White "Verbytski, Oleg"]
[Black "Shabalov, Alexander"]
[Result "1/2-1/2"]
[BlackTitle "GM"]
[WhiteElo "1994"]
[BlackElo "2483"]
[WhiteTeam "Chess Trust Accelerators"]
[BlackTeam "Global Ramblers"]
[WhiteFideId "495506"]
[BlackFideId "2008572"]
[EventDate "2025.06.14"]
[EventType "team"]

1. e4 c5 2. Nf3 d6 3. d4 cxd4 4. Nxd4 Nf6 5. Nc3 a6 6. Be2 e5 7. Nb3 Be7 8. Be3
O-O 9. O-O Be6 10. Bf3 Nbd7 11. a4 b6 12. Re1 Qc7 13. Nd2 h6 14. Nf1 Qb7 15. h3
b5 16. axb5 axb5 17. Rxa8 Rxa8 18. Ng3 b4 19. Nd5 Bxd5 20. exd5 Bd8 21. Nf5 Qb8
22. Qd2 Nh7 23. h4 Bf6 24. g3 b3 25. c3 Ndf8 26. Be4 h5 27. Qe2 g6 28. Nh6+ Kg7
29. g4 Ra4 30. c4 Qb4 31. gxh5 Qxc4 32. Qxc4 Rxc4 33. Bd2 Bxh4 34. hxg6 fxg6 35.
Ng4 Bg5 36. Bc3 Bf4 37. f3 Ng5 38. Kg2 Nd7 39. Ra1 Nxe4 40. fxe4 Nc5 41. Ra7+
Kf8 42. Nf6 Rxc3 43. bxc3 b2 44. Nh7+ Ke8 45. Ra8+ Ke7 46. Rb8 Bc1 47. Kf3 Kd7
48. Ke2 Kc7 49. Rb4 Na6 50. Rb3 Nc5 51. Rb4 Na6 52. Rb3 Nc5 53. Rb4 1/2-1/2

[Event "FIDE World Bl Team Pool A"]
[Site "London ENG"]
[Date "2025.06.14"]
[Round "13.3"]
[White "Glek, Igor"]
[Black "Zhao, George"]
[Result "1-0"]
[WhiteTitle "GM"]
[BlackTitle "CM"]
[WhiteElo "2444"]
[BlackElo "2124"]
[WhiteTeam "Global Ramblers"]
[BlackTeam "Chess Trust Accelerators"]
[WhiteFideId "4100484"]
[BlackFideId "494607"]
[EventDate "2025.06.14"]
[EventType "team"]

1. e4 e6 2. d3 d5 3. Qe2 Nf6 4. Nf3 c5 5. g3 Nc6 6. Bg2 Be7 7. O-O O-O 8. e5 Nd7
9. c4 dxc4 10. dxc4 Qc7 11. Re1 b6 12. Nc3 a6 13. Bf4 Bb7 14. Nd5 Qd8 15. Nxe7+
Qxe7 16. Bg5 Qe8 17. h4 Nd4 18. Nxd4 Bxg2 19. Kxg2 cxd4 20. Rad1 Rc8 21. Rxd4
Rc5 22. Bf4 Nb8 23. Rd6 Qc8 24. b3 Rc6 25. Red1 Rxd6 26. Rxd6 Qc7 27. Qd3 Nc6
28. Qe4 Ne7 29. h5 Nf5 30. Qc6 Qb8 31. Rd7 Rc8 32. Qb7 h6 33. Rxf7 Qxb7+ 34.
Rxb7 b5 35. cxb5 axb5 36. Rxb5 Rc2 37. Rb8+ Kf7 38. Rb7+ Kg8 39. a4 1-0

[Event "FIDE World Bl Team Pool A"]
[Site "London ENG"]
[Date "2025.06.14"]
[Round "13.4"]
[White "Dicen, Elis Denele"]
[Black "Mesropov, Konstantin"]
[Result "0-1"]
[WhiteTitle "WFM"]
[BlackTitle "IM"]
[WhiteElo "2136"]
[BlackElo "2458"]
[WhiteTeam "Chess Trust Accelerators"]
[BlackTeam "Global Ramblers"]
[WhiteFideId "462560"]
[BlackFideId "4116887"]
[EventDate "2025.06.14"]
[EventType "team"]

1. d4 e6 2. Bf4 Nf6 3. e3 c5 4. Nf3 Nc6 5. Nbd2 Be7 6. c3 O-O 7. Bd3 Nh5 8. Bg3
cxd4 9. Nxd4 g6 10. Qe2 d5 11. O-O-O Bf6 12. N2f3 Nxg3 13. hxg3 e5 14. Nxc6 bxc6
15. e4 Qe7 16. Qd2 Bg7 17. Kb1 Rb8 18. Rde1 d4 19. cxd4 exd4 20. Ng5 h6 21. Nf3
Be6 22. Ka1 c5 23. Rc1 Rb4 24. e5 Rfb8 25. b3 c4 26. Bxc4 Bxc4 27. Rxc4 Rxc4 28.
bxc4 Bxe5 29. Re1 f6 30. Nxe5 fxe5 31. Qxh6 Qf6 32. Rh1 Rb7 33. Qd2 e4 34. Rb1
d3+ 35. Rb2 Qd4 36. f3 e3 37. Qc1 Rxb2 38. Qxb2 Qxb2+ 39. Kxb2 e2 0-1

[Event "FIDE World Bl Team Pool A"]
[Site "London ENG"]
[Date "2025.06.14"]
[Round "13.5"]
[White "Badelka, Olga"]
[Black "Volovich, Julia"]
[Result "1-0"]
[WhiteTitle "IM"]
[WhiteElo "2424"]
[BlackElo "1945"]
[WhiteTeam "Global Ramblers"]
[BlackTeam "Chess Trust Accelerators"]
[WhiteFideId "13509926"]
[BlackFideId "447099"]
[EventDate "2025.06.14"]
[EventType "team"]

1. d4 Nf6 2. c4 g6 3. Nc3 d5 4. Bg5 Bg7 5. Bxf6 Bxf6 6. cxd5 c6 7. dxc6 Bxd4 8.
cxb7 Bxb7 9. e3 Bxc3+ 10. bxc3 O-O 11. Qxd8 Rxd8 12. Nf3 Nd7 13. Bb5 Nf6 14. O-O
Ne4 15. Rfc1 Rac8 16. c4 Nd6 17. Ne5 Nxb5 18. cxb5 Rxc1+ 19. Rxc1 Rd2 20. a4 Ra2
21. h3 Rxa4 22. Rc7 Bd5 23. Rxe7 Ra5 24. Re8+ Kg7 25. Rb8 Ra1+ 26. Kh2 Rb1 27.
Kg3 Rb3 28. h4 h6 29. Nf3 Rb2 30. Nd4 a6 31. b6 a5 32. f3 a4 33. Rd8 Rxb6 34.
Rxd5 Ra6 35. Nc2 a3 36. Rd1 g5 37. hxg5 hxg5 38. Ra1 f5 39. Rxa3 Rg6 40. Ra7+
Kh6 41. Nd4 f4+ 42. exf4 gxf4+ 43. Kh3 Kg5 44. Ra5+ Kh6 45. Rf5 Rd6 46. Rxf4 Kg5
47. Rg4+ Kf6 48. Ne2 Ke5 49. Ng3 Rh6+ 50. Rh4 Rg6 51. f4+ Kf6 52. Ne4+ Kf5 53.
Ng3+ 1-0

[Event "FIDE World Bl Team Pool A"]
[Site "London ENG"]
[Date "2025.06.14"]
[Round "13.6"]
[White "Kendall, Arthur"]
[Black "Volkov, Leonid"]
[Result "0-1"]
[WhiteElo "1883"]
[BlackElo "1828"]
[WhiteTeam "Chess Trust Accelerators"]
[BlackTeam "Global Ramblers"]
[WhiteFideId "343410960"]
[BlackFideId "12848140"]
[EventDate "2025.06.14"]
[EventType "team"]

1. c4 g6 2. Nc3 Bg7 3. e4 c5 4. Nf3 Nc6 5. d3 d6 6. Be3 a6 7. Be2 Rb8 8. a4 Qa5
9. d4 cxd4 10. Nxd4 Nf6 11. f3 O-O 12. O-O Bd7 13. Qd2 Rfd8 14. Rfd1 Rbc8 15.
Rab1 Ne5 16. b4 Qc7 17. Nd5 Nxd5 18. cxd5 Qc3 19. Rbc1 Qxd2 20. Bxd2 Bxa4 21.
Rxc8 Rxc8 22. Ra1 Nxf3+ 23. Kh1 Nxd4 24. Bg4 f5 25. exf5 gxf5 26. Rxa4 0-1